00461nam a2200157Ia 45000010006000000050017000060080041000230410008000640820016000721000031000882450124001192600009002433000035002526500008002876540008002951331720260306164752.0260306t2005||||xx |||||||||||||| ||spa|| aESP a001.42bP86 aPrieto Valiente, LuiseAUT 0a¿Qué significa estadísticamente significativo?:bla falacia del criterio del 5% en la investigación científica c2005 axviii, 192 páginas :c21 cm. aGEN aCHU